000 00841nam a2200253Ia 4500
003 OSt
005 20220923223325.0
006 a|||||r|||| 00| 0
007 ta
008 220922b |||||||| |||| 00| 0 hin d
024 _a213,505
037 _cTextual
040 _aARTS
_cARTS
_bhin
041 _2hin
_ahin
082 _aO152,3N296:g, M9
100 _aसुल्तान अहमद
_9156275
245 0 _aकहानीकार निर्मल वर्मा
246 _aKahānīkār nirmal varmā
260 _aअहमदाबाद
_b संस्कृति प्रकाशन
_c1989
300 _a108 पृ.
_ccm.
650 _aहिन्दी साहित्य
_9156264
942 _hO152,3N296:g, M9
_cTEXL
_2CC
999 _c363725
_d363725